000 02184cam a22005174i 4500
003 PE-LiUPU
005 20250731173307.0
008 150625s1999 txu r 000 0 spa d
020 _a0311324444
020 _a9780311324446
035 _a(Sirsi) i9780311324446
040 _aPE-LiUPU
_bspa
_cPE-LiUPU
_erda
049 _aPRUA
082 0 4 _a264
_bB23
_221
100 1 _aBartley, James W.,
_eautor.
245 1 3 _aLa adoración que agrada al altísimo :
_bperspectivas bíblicas /
_cJames W. Bartley.
264 1 _aEl Paso, TX :
_bCasa Bautista de Publicaciones,
_c1999.
300 _a200 páginas ;
_c21 centímetros
336 _atext
_2rdacontent
337 _aunmediated
_2rdamedia
338 _avolume
_2rdacarrier
505 0 _aPerspectivas del Antiguo Testamento -- Perspectivas en el Nuevo Testamento -- Una Síntesis de la Adoración que Agrada al Altísimo.
526 _aSEG42
526 _aSEG41
526 _aSEG40
526 _aSEG39
526 _aP94
526 _aP87
526 _aP86
526 _aP85
526 _aP77
526 _aP76
526 _aP35
541 _g001-0000044;
541 _g001-0000044;
650 1 4 _aAdoración
_xEnseñanza bíblica.
650 2 7 _aDios
_xAdoracion y amor.
_2embne
910 _adbm
_bncf
_cncf
_d20190529
942 _2ddc
_cBOOK
949 _a264 B23
_wDEWEY
_c1
_i55985
_d2015-10-14
_e2015-10-5
_lCCODEBUL1
_mBUL
_n1
_p7.00
_r0
_sY
_tBOOK
_u2015-6-25
_xTEOLOGIA
_zUNKNOWN
_0COMPRA
_o.STAFF. Colección Teología
949 _a264 B23
_wDEWEY
_c2
_i56458
_d2016-4-17
_e2016-4-14
_lCCODEBUL1
_mBUL
_n3
_p7.00
_r0
_sY
_tBOOK
_u2015-6-25
_xTEOLOGIA
_zUNKNOWN
_0COMPRA
_o.STAFF. Colección Teología
994 _aC0
_bPEPRU
596 _a1
999 _a264 B23
_wDEWEY
_c44820
_i55985
_d44820
_e2018-11-23
_f2021-11-10
_g5
_lCCODEBUL1
_mBUL
_n3
_p7.00
_q2
_r0
_sY
_tBOOK
_u2015-6-25
_xTEOLOGIA
_PP35
_0COMPRA
_o.STAFF. Colección Teología
999 _a264 B23
_wDEWEY
_c2
_i56458
_d2020-1-8
_e2016-4-14
_f2021-11-10
_g6
_lCCODEBUL1
_mBUL
_n3
_p7.00
_q4
_r0
_sY
_tBOOK
_u2015-6-25
_xTEOLOGIA
_PP35
_0COMPRA
_o.STAFF. Colección Teología
980 _81
_gALBERTO SANCHEZ Responsable de Automatización